|
|
|
|
| LEADER |
00000nam2a2200000 4500 |
| 001 |
144374 |
| 005 |
20231031143628.0 |
| 010 |
|
|
|a 5796607421
|
| 035 |
|
|
|a (RuTPU)RU\TPU\book\156464
|
| 090 |
|
|
|a 144374
|
| 100 |
|
|
|a 20081002d1990 m y0rusy50 ca
|
| 101 |
0 |
|
|a rus
|
| 102 |
|
|
|a LV
|
| 105 |
|
|
|a a z 001zy
|
| 200 |
0 |
|
|a Т. 1: Методики диагностики
|
| 210 |
|
|
|d 1990
|
| 215 |
|
|
|a 204 с.
|c ил.
|
| 320 |
|
|
|a Библиография в конце статей
|
| 461 |
|
1 |
|0 (RuTPU)RU\TPU\book\163459
|y 5-7966-0741-3
|t Методы и средства диагностики несущей способности изделий из композитов. Практика создания и применения
|o в 2 т.
|f Академия наук Латвийской ССР (АН ЛатССР), Институт механики полимеров (ИМП)
|v Т. 1: Методики диагностики
|d 1990-1991
|
| 610 |
1 |
|
|a неразрушающий контроль
|
| 610 |
1 |
|
|a композиты
|
| 610 |
1 |
|
|a изделия
|
| 610 |
1 |
|
|a несущая способность
|
| 610 |
1 |
|
|a диагностика
|
| 610 |
1 |
|
|a методы
|
| 610 |
1 |
|
|a средства
|
| 610 |
1 |
|
|a органопластиковые оболочки
|
| 610 |
1 |
|
|a углепластики
|
| 610 |
1 |
|
|a статьи
|
| 610 |
1 |
|
|a сборники
|
| 675 |
|
|
|a 620.22-419.8:620.1
|v 3
|
| 801 |
|
1 |
|a RU
|b 63413507
|c 20081002
|g PSBO
|
| 801 |
|
2 |
|a RU
|b 63413507
|c 20130625
|g PSBO
|
| 942 |
|
|
|c BK
|